Ensuring a sustainable construction sector (Record no. 112798)
[ view plain ]
| 000 -LEADER | |
|---|---|
| fixed length control field | 01046cad a22001935a 4500 |
| 001 - CONTROL NUMBER | |
| control field | L153989 |
| 008 - FIXED-LENGTH DATA ELEMENTS--GENERAL INFORMATION | |
| fixed length control field | 110929s2011 xxk f 000 0 eng d |
| 035 ## - SYSTEM CONTROL NUMBER | |
| System control number | (Sirsi) u153989 |
| 041 0# - LANGUAGE CODE | |
| Language code of text/sound track or separate title | eng |
| 110 2# - MAIN ENTRY--CORPORATE NAME | |
| Corporate name or jurisdiction name as entry element | Confederation of British Industry |
| 9 (RLIN) | 414 |
| 245 00 - TITLE STATEMENT | |
| Title | Ensuring a sustainable construction sector |
| Medium | [electronic resource] |
| 260 ## - PUBLICATION, DISTRIBUTION, ETC. | |
| Place of publication, distribution, etc. | CBI |
| Date of publication, distribution, etc. | 2011 |
| 520 ## - SUMMARY, ETC. | |
| Summary, etc. | CBI believes that the construction sector has a vital role in helping reduce carbon emissions from buildings and making infrastructure climate resilient. The investment needed in low carbon power plants represents an excellent opportunity for the construction sector to help drive the transition to a low carbon economy. |
| 590 ## - LOCAL NOTE (RLIN) | |
| Local note | KA |
| 651 #4 - SUBJECT ADDED ENTRY--GEOGRAPHIC NAME | |
| Geographic name | United Kingdom |
| Chronological subdivision | |
| 690 ## - LOCAL SUBJECT ADDED ENTRY--TOPICAL TERM (OCLC, RLIN) | |
| Topical term or geographic name as entry element | BUILT ENVIRONMENT-SUSTAINABLE CONSTRUCTION |
| 856 40 - ELECTRONIC LOCATION AND ACCESS | |
| Uniform Resource Identifier | <a href="https://www.cbi.org.uk/ndbs/PositionDoc.nsf/81e68789766d775d8025672a005601aa/785feb39ca12008d80257876005320a8/$FILE/Ensuring%20a%20sustainable%20construction%20sector.pdf">https://www.cbi.org.uk/ndbs/PositionDoc.nsf/81e68789766d775d8025672a005601aa/785feb39ca12008d80257876005320a8/$FILE/Ensuring%20a%20sustainable%20construction%20sector.pdf</a> |
| Public note | View the item free of charge at www.cbi.org.uk |
| 942 ## - ADDED ENTRY ELEMENTS (KOHA) | |
| Suppress in OPAC | 0 |
| Withdrawn status | Lost status | Source of classification or shelving scheme | Damaged status | Not for loan | Home library | Current library | Shelving location | Date acquired | Total Checkouts | Full call number | Barcode | Date last seen | Copy number | Price effective from | Koha item type |
|---|---|---|---|---|---|---|---|---|---|---|---|---|---|---|---|
| Dewey Decimal Classification | Virtual | Virtual | Online | 29/09/2011 | ONLINE PUBLICATION | 153989-2001 | 06/08/2019 | 1 | 06/08/2019 | Book |